00732nam a2200169 a 450000500170000000800410001705000200005810000230007824501630010125000120026426000380027644000380031465000450035265000480039799900190044595200980046420140414131907.0100930s19uu xx 00 eng d aM 937bOs1 2006 aOsborne, Mary Pope aAncient Rome and Pompeii :ba nonfiction companion to Vacation under the volcano /cby Mary POpe Osborne and Natalie Pope Boyce ; illustrated by Sal Murdocca. a1st ed. aNew York :bRandom House,c2009. aMagical tree house research guide aRomexcivlilizationxJuvenile literature aPompeii (extinct city)xJuvenile literature c111009d111009 001040aMUbMUcMd2010-09-30l0oM 937 Os1 2006pM1558r2014-04-14 00:00:00w2014-04-14yBK